000 00942nam a2200253Ia 4500
003 OSt
005 20220918110213.0
006 a|||||r|||| 00| 0
007 ta
008 220915b |||||||| |||| 00| 0 eng d
020 _a8187586133 (hbk)
_cINR 375.00
024 _a62,811
037 _b54503, 08/03/2018, Segment Book Distributors
_cReference Collections
040 _aARTS
_cARTS
_beng
041 _2eng
_aeng
082 _aR2:(S:4), P4;P9(RR)
100 _aKak Subhash Au.
_96336
245 0 _aArchitecture of knowledge
_b quantummechanics, neuroscience, computers and consciousness
260 _aNew Delhi
_bCentre for Studies in Civilizations India
_c2004
300 _a356p.
650 _aCONSCIOUSNESS; NEUROSCIENCES; PHILOSOPHY; THEORY OF KNOWLEDGE
_96337
942 _hR2:(S:4), P4;P9(RR)
_cREF
999 _c111571
_d111571